Welcome to CU Library Online Public Access Catalogue (OPAC)

The Practice of English Language Teaching (Record no. 9202)

MARC details
000 -LEADER
fixed length control field 00417nam a22001457a 4500
005 - DATE AND TIME OF LATEST TRANSACTION
control field 20260328104317.0
008 - FIXED-LENGTH DATA ELEMENTS--GENERAL INFORMATION
fixed length control field 260328b |||||||| |||| 00| 0 eng d
020 ## - INTERNATIONAL STANDARD BOOK NUMBER
International Standard Book Number 9781447980254
050 ## - LIBRARY OF CONGRESS CALL NUMBER
Classification number PE1128
Item number .A2H34 HAR
100 ## - MAIN ENTRY--PERSONAL NAME
Personal name Harmer Jeremy
245 ## - TITLE STATEMENT
Title The Practice of English Language Teaching
Statement of responsibility, etc. Jeremy Harmer
250 ## - EDITION STATEMENT
Edition statement 5th Ed.
260 ## - PUBLICATION, DISTRIBUTION, ETC.
Place of publication, distribution, etc. Boston
Name of publisher, distributor, etc. Pearson Education Ltd.
Date of publication, distribution, etc. 2014
942 ## - ADDED ENTRY ELEMENTS (KOHA)
Source of classification or shelving scheme Library of Congress Classification
Koha item type Books
Edition 5th Ed.
Suppress in OPAC No
999 ## -
-- 9202
-- 9202
Holdings
Withdrawn status Lost status Source of classification or shelving scheme Damaged status Not for loan Collection Home library Current library Shelving location Date acquired Total checkouts Full call number Barcode Date last seen Copy number Price effective from Koha item type
    Library of Congress Classification     Non-fiction Business Library (Miotso) Business Library (Miotso) General stacks 03/27/2026   PE1128 .A2H34 HAR BSSM00003133 03/28/2026 1 03/27/2026 Books
    Library of Congress Classification     Non-fiction Business Library (Miotso) Business Library (Miotso) General stacks 03/27/2026   PE1128 .A2H34 HAR BSSM00003134 03/28/2026 2 03/27/2026 Books
    Library of Congress Classification     Non-fiction Business Library (Miotso) Business Library (Miotso) General stacks 03/27/2026   PE1128 .A2H34 HAR BSSM00003135 03/28/2026 3 03/27/2026 Books
© 2023-2024 Copyright: Central University Libraries. All Rights Reserved | Created by: Mahone Tech Office